Сохранить в:
Библиографические подробности
Главный автор: Chu Mạnh Hùng, ThS.
Формат: Статья
Язык:Vietnamese
Предметы:
Метки: Добавить метку
Нет меток, Требуется 1-ая метка записи!
Thư viện lưu trữ: Thư viện Trường Đại học Đà Lạt
LEADER 00840nam a2200277 4500
001 DLU090071113
005 ##20090526
040 # # |a DLU  |b vie 
041 # # |a vie 
044 # # |a vn 
100 # # |a Chu Mạnh Hùng,   |c ThS. 
245 # # |s ự phát triển của pháp luật Việt nam về kí kết và thực hiện điều ước quốc tế /  |c Chu Mạnh Hùng. 
653 # # |a Điều ước quốc tế 
653 # # |a Pháp luật Việt Nam 
653 # # |a Phát triển 
653 # # |a Thực hiện 
773 # # |t Luật học  |g Số 2, 2006, tr. 25-30 
920 # # |a Phòng Tạp chí -- Trung tâm Thông tin - Thư viện Trường Đại học Đà Lạt 
994 # # |a DLU 
900 # # |a True 
911 # # |a Nguyễn Thị Mai Anh 
925 # # |a G 
926 # # |a A 
927 # # |a BB 
980 # # |a Thư viện Trường Đại học Đà Lạt